00935nam a2200253Ia 450000500170000000800410001702000220005804000080008005000230008810000200011124000220013124501330015325000100028626000470029630000180034333700100036133800140037150001060038550000210049163000400051265000440055270000390059670000460063520231102151441.0121028s9999 xx 000 0 und d a978-970-686-468-0 eRDA aBF713 K3518 200810aKAIL, Robert V. aDesarrollo humano10aDesarrollo humanob: una perspectiva del ciclo vitac / Robert Kail, John Cavanaugh ; traducción: José C. Pecina Hernández a3a ed aMéxico b: International Thomsonc, 2008 a752 páginas atexto asin medio aPlan Flexible / Licenciaqtura en Psicología BASES BIOLÓGICAS DE LA CONDUCTA (B04) / 14 002967  aIncluye índice aHUMAN DEVELOPMENT: A LIFE-SPAN VIEW10aPSICOLOGÍA EVOLUTIVAvLIBROS DE TEXTO aCAVANAUGH, John C. e, coautor aPECINA Hernández, José Ce, traductor